<?xml version="1.0" encoding="UTF-8"?>
<record
    xmlns:xsi="http://www.w3.org/2001/XMLSchema-instance"
    xsi:schemaLocation="http://www.loc.gov/MARC21/slim http://www.loc.gov/standards/marcxml/schema/MARC21slim.xsd"
    xmlns="http://www.loc.gov/MARC21/slim">

  <leader>00987    a2200313   4500</leader>
  <controlfield tag="001">066213</controlfield>
  <controlfield tag="003">OSt</controlfield>
  <controlfield tag="005">20230506170009.0</controlfield>
  <controlfield tag="008">                                        </controlfield>
  <datafield tag="020" ind1=" " ind2=" ">
    <subfield code="a">9781489985996</subfield>
  </datafield>
  <datafield tag="082" ind1=" " ind2=" ">
    <subfield code="a">332.01513</subfield>
    <subfield code="b">R66I</subfield>
    <subfield code="2">22</subfield>
  </datafield>
  <datafield tag="100" ind1="1" ind2=" ">
    <subfield code="a">Roman, Steven</subfield>
  </datafield>
  <datafield tag="245" ind1="1" ind2=" ">
    <subfield code="a">Introduction to the mathematics of finance : arbitrage and option pricing</subfield>
    <subfield code="c">by Steven Roman</subfield>
  </datafield>
  <datafield tag="250" ind1=" " ind2=" ">
    <subfield code="a">2nd ed.</subfield>
  </datafield>
  <datafield tag="260" ind1=" " ind2=" ">
    <subfield code="a">New York</subfield>
    <subfield code="b">Springer</subfield>
    <subfield code="c">2012</subfield>
  </datafield>
  <datafield tag="300" ind1=" " ind2=" ">
    <subfield code="a">xvi, 287p.</subfield>
    <subfield code="b">Paperback</subfield>
  </datafield>
  <datafield tag="490" ind1=" " ind2=" ">
    <subfield code="a">Undergraduate Texts in Mathematics</subfield>
  </datafield>
  <datafield tag="653" ind1=" " ind2=" ">
    <subfield code="a">Investments--Mathematics</subfield>
  </datafield>
  <datafield tag="653" ind1=" " ind2=" ">
    <subfield code="a">Options (Finance)--Mathematical models</subfield>
  </datafield>
  <datafield tag="653" ind1=" " ind2=" ">
    <subfield code="a">Business mathematics</subfield>
  </datafield>
  <datafield tag="653" ind1=" " ind2=" ">
    <subfield code="a">Options (Finance)--Prices</subfield>
  </datafield>
  <datafield tag="653" ind1=" " ind2=" ">
    <subfield code="a">Portfolio management--Mathematical models</subfield>
  </datafield>
  <datafield tag="653" ind1=" " ind2=" ">
    <subfield code="a">Capital assets pricing model</subfield>
  </datafield>
  <datafield tag="653" ind1=" " ind2=" ">
    <subfield code="a">Mathematics</subfield>
  </datafield>
  <datafield tag="653" ind1=" " ind2=" ">
    <subfield code="a">Distribution (Probability theory)</subfield>
  </datafield>
  <datafield tag="800" ind1=" " ind2=" ">
    <subfield code="a">Axler, Sheldon</subfield>
    <subfield code="e">Editor</subfield>
  </datafield>
  <datafield tag="800" ind1=" " ind2=" ">
    <subfield code="a">Ribet, Kenneth</subfield>
    <subfield code="e">Editor</subfield>
  </datafield>
  <datafield tag="942" ind1=" " ind2=" ">
    <subfield code="2">ddc</subfield>
    <subfield code="c">BK</subfield>
  </datafield>
  <datafield tag="999" ind1=" " ind2=" ">
    <subfield code="c">26115</subfield>
    <subfield code="d">26115</subfield>
  </datafield>
  <datafield tag="952" ind1=" " ind2=" ">
    <subfield code="0">0</subfield>
    <subfield code="1">0</subfield>
    <subfield code="2">ddc</subfield>
    <subfield code="4">0</subfield>
    <subfield code="7">0</subfield>
    <subfield code="8">TXB</subfield>
    <subfield code="a">CURAJ</subfield>
    <subfield code="b">CURAJ</subfield>
    <subfield code="d">2023-05-06</subfield>
    <subfield code="e">ECO</subfield>
    <subfield code="g">2532.60</subfield>
    <subfield code="l">2</subfield>
    <subfield code="o">332.01513 R66I</subfield>
    <subfield code="p">41154</subfield>
    <subfield code="r">2025-08-06</subfield>
    <subfield code="s">2025-07-22</subfield>
    <subfield code="w">2023-05-06</subfield>
    <subfield code="y">BK</subfield>
  </datafield>
  <datafield tag="952" ind1=" " ind2=" ">
    <subfield code="0">0</subfield>
    <subfield code="1">0</subfield>
    <subfield code="2">ddc</subfield>
    <subfield code="4">0</subfield>
    <subfield code="7">0</subfield>
    <subfield code="8">TXB</subfield>
    <subfield code="a">CURAJ</subfield>
    <subfield code="b">CURAJ</subfield>
    <subfield code="d">2023-05-06</subfield>
    <subfield code="e">ECO</subfield>
    <subfield code="g">2532.60</subfield>
    <subfield code="l">0</subfield>
    <subfield code="o">332.01513 R66I</subfield>
    <subfield code="p">41155</subfield>
    <subfield code="r">2023-05-06</subfield>
    <subfield code="w">2023-05-06</subfield>
    <subfield code="y">BK</subfield>
  </datafield>
</record>
